Giáo trình luật xây dựng
Zapisane w:
| 1. autor: | |
|---|---|
| Format: | Książka |
| Język: | Undetermined |
| Wydane: |
Tp.Hồ Chí Minh
Tp.Hồ Chí Minh
2004
|
| Hasła przedmiotowe: | |
| Etykiety: |
Dodaj etykietę
Nie ma etykietki, Dołącz pierwszą etykiete!
|
| Thư viện lưu trữ: | Trung tâm Học liệu Trường Đại học Cần Thơ |
|---|
| LEADER | 00601nam a2200205Ia 4500 | ||
|---|---|---|---|
| 001 | CTU_73805 | ||
| 008 | 210402s9999 xx 000 0 und d | ||
| 020 | |b 34000 | ||
| 082 | |a 346.597045 | ||
| 082 | |b H513 | ||
| 100 | |a Lương Xuân Hùng | ||
| 245 | 0 | |a Giáo trình luật xây dựng | |
| 245 | 0 | |c Lương Xuân Hùng | |
| 260 | |a Tp.Hồ Chí Minh | ||
| 260 | |b Tp.Hồ Chí Minh | ||
| 260 | |c 2004 | ||
| 650 | |a civil law,construction,land use | ||
| 650 | |x vietnam,law and legislation | ||
| 904 | |i Mai Loan | ||
| 980 | |a Trung tâm Học liệu Trường Đại học Cần Thơ | ||